Las mejores novelas contemporáneas. (Record no. 177699)

MARC details
000 -LEADER
campo de control de longitud fija 01517nam a2200361 i 4500
001 - NÚMERO DE CONTROL
campo de control 177699
003 - IDENTIFICADOR DE NÚMERO DE CONTROL
campo de control ES-MaACL
005 - FECHA Y HORA DE LA ÚLTIMA TRANSACCIÓN
campo de control 20250804062632.0
008 - DATOS DE LONGITUD FIJA--INFORMACIÓN GENERAL
campo de control de longitud fija 110413s1957 sp fo |||| | spa d
080 ## - NÚMERO DE LA CLASIFICACIÓN DECIMAL UNIVERSAL
Número de la Clasificación Decimal Universal 821.134.2-31"18"
245 04 - MENCIÓN DEL TÍTULO
Título Las mejores novelas contemporáneas.
Número de parte o sección de la obra I,
Nombre de parte o sección de la obra (1895-1899) /
Mención de responsabilidad, etc. selección y estudios de Joaquín de Entrambasaguas ; con la colaboración de María del Pilar Palomo.
250 ## - MENCION DE EDICION
Mención de edición 1ª ed.
260 ## - PUBLICACIÓN, DISTRIBUCIÓN, ETC.
Lugar de publicación, distribución, etc. Barcelona :
Nombre del editor, distribuidor, etc. Planeta,
Fecha de publicación, distribución, etc. 1957.
300 ## - DESCRIPCIÓN FÍSICA
Extensión 1 v. (XC, 1925, [10] p. de lám.) ;
Dimensiones 19 cm.
504 ## - NOTA DE BIBLIOGRAFÍA, ETC.
Nota de bibliografía, etc. Bibliografía: p. 1913-1915.
505 8# - NOTA DE CONTENIDO CON FORMATO
Nota de contenido con formato Contiene: Peñas arriba / José María de Pereda . Juanita la larga / Juan Valera . Misericordia / Benito Pérez Galdós . La conquista del reino maya / Ángel Ganivet . Paz en la guerra / Miguel de Unamuno
650 #4 - PUNTO DE ACCESO ADICIONAL DE MATERIA--TÉRMINO DE MATERIA
Término de materia o nombre geográfico como elemento de entrada Novela española-
Subdivisión cronológica S.XIX
9 (RLIN) 15613
700 1# - ENTRADA AGREGADA--NOMBRE PERSONAL
Nombre de persona Entrambasaguas, Joaquín de,
Fechas asociadas al nombre 1904-1995
9 (RLIN) 47309
700 1# - ENTRADA AGREGADA--NOMBRE PERSONAL
Nombre de persona Palomo, María del Pilar,
Fechas asociadas al nombre 1933-
9 (RLIN) 144616
700 1# - ENTRADA AGREGADA--NOMBRE PERSONAL
Nombre de persona Pereda, José María de,
Fechas asociadas al nombre 1833-1906
9 (RLIN) 90447
700 1# - ENTRADA AGREGADA--NOMBRE PERSONAL
Nombre de persona Valera, Juan,
Fechas asociadas al nombre 1824-1905
9 (RLIN) 112638
700 1# - ENTRADA AGREGADA--NOMBRE PERSONAL
Nombre de persona Pérez Galdós, Benito,
Fechas asociadas al nombre 1843-1920
9 (RLIN) 90871
700 1# - ENTRADA AGREGADA--NOMBRE PERSONAL
Nombre de persona Ganivet, Ángel,
Fechas asociadas al nombre 1865-1898
9 (RLIN) 53864
700 1# - ENTRADA AGREGADA--NOMBRE PERSONAL
Nombre de persona Unamuno, Miguel de,
Fechas asociadas al nombre 1864-1936
9 (RLIN) 111982
740 02 - ENTRADA AGREGADA--TÍTULO RELACIONADO/ANALÍTICO NO CONTROLADO
Título relacionado o analítico no controlado Peñas arriba.
740 02 - ENTRADA AGREGADA--TÍTULO RELACIONADO/ANALÍTICO NO CONTROLADO
Título relacionado o analítico no controlado Juanita la larga.
740 02 - ENTRADA AGREGADA--TÍTULO RELACIONADO/ANALÍTICO NO CONTROLADO
Título relacionado o analítico no controlado Misericordia.
740 32 - ENTRADA AGREGADA--TÍTULO RELACIONADO/ANALÍTICO NO CONTROLADO
Título relacionado o analítico no controlado La conquista del reino maya.
740 02 - ENTRADA AGREGADA--TÍTULO RELACIONADO/ANALÍTICO NO CONTROLADO
Título relacionado o analítico no controlado Paz en la guerra.
852 ## - LOCALIZACIÓN
Ubicación ES-MaACL
Número de control de estantería E-14893
Encuadernación Olim P-241
942 ## - ELEMENTOS DE ENTRADA SECUNDARIOS (KOHA)
Fuente del sistema de clasificación o colocación Clasificación decimal universal
Holdings
Estatus retirado Estado de pérdida Estado de daño No para préstamo Biblioteca de origen Biblioteca actual Ubicación en estantería Fecha de adquisición Fuente de adquisición Total de préstamos Signatura topográfica completa Código de barras Visto por última vez Precio de reemplazo Tipo de ítem Koha
        Biblioteca del Ateneo de Madrid Biblioteca del Ateneo de Madrid Depósito 2 13/04/2011     E-14893 1186650 23/02/2023 23/02/2023 Libro impreso